header

The other welfare (Record no. 21453)

MARC details
000 -LEADER
fixed length control field 02131nam a2200361 a 4500
082 04 - DEWEY DECIMAL CLASSIFICATION NUMBER
Classification number 368.38/2
100 1# - MAIN ENTRY--AUTHOR NAME
Personal name Berkowitz, Edward D.
245 14 - TITLE STATEMENT
Title The other welfare
260 ## - PUBLICATION, DISTRIBUTION, ETC. (IMPRINT)
Place of publication Ithaca :
Name of publisher Cornell University Press,
Year of publication 2013.
300 ## - PHYSICAL DESCRIPTION
Number of Pages x, 279 p. :
Other physical details ill.
505 0# - FORMATTED CONTENTS NOTE
Formatted contents note Creating a new welfare program : the politics of welfare and social security reform in the Nixon administration -- A year in transition : why planning for the new program became difficult -- Launching the program : why the program began badly -- The emergence of a disability program : how the program's fundamental identity changed -- The continuing disability reviews : how the politics of controversy hindered the program -- The courts and other sources of program growth : how the program expanded in a conservative age -- The welfare reform of 1996 : how the program became swept up in the narrative of welfare fraud and abuse -- Post-1996 developments : a brief postscript.
650 #0 - SUBJECT ADDED ENTRY--TOPICAL TERM
Topical Term Supplemental security income program
Topical Term Public welfare
700 1# - ADDED ENTRY--PERSONAL NAME
Personal name DeWitt, Larry,
856 40 - ELECTRONIC LOCATION AND ACCESS
Uniform Resource Identifier http://site.ebrary.com/lib/rucke/Doc?id=10699920

No items available.

© 2026 Rongo University
Contact us: librarian | system librarian | Rongo university